<?xml version="1.0" encoding="UTF-8"?><?xml-stylesheet type="text/xsl" href="static/style.xsl"?><OAI-PMH xmlns="http://www.openarchives.org/OAI/2.0/" xmlns:xsi="http://www.w3.org/2001/XMLSchema-instance" xsi:schemaLocation="http://www.openarchives.org/OAI/2.0/ http://www.openarchives.org/OAI/2.0/OAI-PMH.xsd"><responseDate>2026-04-14T14:37:23Z</responseDate><request verb="GetRecord" identifier="oai:uvadoc.uva.es:10324/41002" metadataPrefix="marc">https://uvadoc.uva.es/oai/request</request><GetRecord><record><header><identifier>oai:uvadoc.uva.es:10324/41002</identifier><datestamp>2021-06-24T07:22:58Z</datestamp><setSpec>com_10324_22154</setSpec><setSpec>com_10324_954</setSpec><setSpec>com_10324_894</setSpec><setSpec>col_10324_22155</setSpec></header><metadata><record xmlns="http://www.loc.gov/MARC21/slim" xmlns:doc="http://www.lyncode.com/xoai" xmlns:xsi="http://www.w3.org/2001/XMLSchema-instance" xmlns:dcterms="http://purl.org/dc/terms/" xsi:schemaLocation="http://www.loc.gov/MARC21/slim http://www.loc.gov/standards/marcxml/schema/MARC21slim.xsd">
<leader>00925njm 22002777a 4500</leader>
<datafield tag="042" ind1=" " ind2=" ">
<subfield code="a">dc</subfield>
</datafield>
<datafield tag="720" ind1=" " ind2=" ">
<subfield code="a">Ferrari, A.</subfield>
<subfield code="e">author</subfield>
</datafield>
<datafield tag="720" ind1=" " ind2=" ">
<subfield code="a">Gadella Urquiza, Manuel</subfield>
<subfield code="e">author</subfield>
</datafield>
<datafield tag="720" ind1=" " ind2=" ">
<subfield code="a">Lara, L. P.</subfield>
<subfield code="e">author</subfield>
</datafield>
<datafield tag="720" ind1=" " ind2=" ">
<subfield code="a">Santillan Marcus, E.</subfield>
<subfield code="e">author</subfield>
</datafield>
<datafield tag="260" ind1=" " ind2=" ">
<subfield code="c">2020</subfield>
</datafield>
<datafield tag="520" ind1=" " ind2=" ">
<subfield code="a">Ver preprint.</subfield>
</datafield>
<datafield tag="024" ind2=" " ind1="8">
<subfield code="a">Int. J. Mod. Phys. C 31 (2020) 2050092</subfield>
</datafield>
<datafield tag="024" ind2=" " ind1="8">
<subfield code="a">0129-1831</subfield>
</datafield>
<datafield tag="024" ind2=" " ind1="8">
<subfield code="a">http://uvadoc.uva.es/handle/10324/41002</subfield>
</datafield>
<datafield tag="024" ind2=" " ind1="8">
<subfield code="a">10.1142/S0129183120500928</subfield>
</datafield>
<datafield tag="024" ind2=" " ind1="8">
<subfield code="a">International Journal of Modern Physics C</subfield>
</datafield>
<datafield tag="024" ind2=" " ind1="8">
<subfield code="a">1793-6586</subfield>
</datafield>
<datafield tag="245" ind1="0" ind2="0">
<subfield code="a">Approximate solutions of one dimensional systems with fractional derivative</subfield>
</datafield>
</record></metadata></record></GetRecord></OAI-PMH>